| 000 | 00725nam a22002055i 4500 | ||
|---|---|---|---|
| 001 | 10637 | ||
| 003 | ES-MaACL | ||
| 005 | 20230906145928.0 | ||
| 007 | t| | ||
| 008 | 940929s1994 sp ||||0| spa j | ||
| 020 | _a84-260-2882-9 | ||
| 040 |
_aM-BN _bspa _cM-BN |
||
| 080 | _a303.211(460) | ||
| 245 | 0 | 0 |
_aSistema de indicadores cíclicos de la economía española _b: metodología e índices sintéticos de adelanto, coincidencia y retraso. |
| 260 |
_aMadrid : _bInstituto Nacional de Estadística, _c1994. |
||
| 300 |
_a123 p : _bgráf ; _c30 cm. |
||
| 650 | 1 | 4 |
_aIndicadores socioeconómicos- _zEspaña. _913665 |
| 710 | 2 |
_aInstituto Nacional de Estadística (España) _95162 |
|
| 852 |
_aES-MaACL _jL-18054 _bR.123748 |
||
| 999 |
_c10637 _d10637 |
||